000 00958cam a2200289#i 4500
003 ES-SlBC
005 20210327223940.0
008 000000s1999 espa 000 0 spa d
020 _a8485325728
035 _aUNED (142164)
040 _auned
_bspa.
_cuned
_dES-SIBC
080 _a821
100 1 _aFerreiro Alemparte, Jaime
_934374
245 1 0 _aEstudios histórico-legendarios de tema jacobeo en su vinculación con Alemania /
_cJaime Ferreiro Alemparte
260 _a[Santiago de Compostela] :
_bXerencia de Promoción do Camiño de Santiago,
_c1999
300 _a244 p. :
_bil., lám
490 0 _aXacobeo'99
600 1 4 _aSantiago, Apóstol
_986278
650 4 _aPeregrinaciones
_986279
650 4 _aCamino de Santiago
_986280
650 4 _aLiteratura Alemana
_916041
650 4 _aHistoria
_92130
650 4 _aLeyendas
_986281
651 4 _aAlemania
_986282
651 4 _aSantiago de Compostela
_986283
942 _2udc
_cBK
_k914FER est
999 _c422933
_d422933